Cultura musical 1 /
Guardado en:
| Autor Principal: | |
|---|---|
| Formato: | Libro |
| Publicado: |
Buenos Aires :
El Ateneo,
1980
|
| Edición: | 7a. ed. |
| Materias: | |
| Etiquetas: |
Agregar Etiqueta
Sin Etiquetas, Sea el primero en etiquetar este registro!
|
| LEADER | 02933nam a22002775a 4500 | ||
|---|---|---|---|
| 001 | CEM.cems005557 | ||
| 005 | 20060221000000.0 | ||
| 008 | 130507s1980##################000#0#####d | ||
| 003 | CEMS | ||
| 082 | 0 | 4 | |a 780.7 |
| 100 | 1 | |a Roldán, Waldemar Axel | |
| 245 | 1 | 0 | |a Cultura musical 1 / |c Waldemar Axel Roldán |
| 250 | |a 7a. ed. | ||
| 260 | |a Buenos Aires : |b El Ateneo, |c 1980 | ||
| 300 | |a 150 p. | ||
| 505 | 0 | |a Lenguaje musical -- Pentagrama -- Líneas y espacios adicionales -- Clave de sol -- Notas -- El compás -- Tiempos fuertes y débiles -- Manera de marcar el compás -- Alteraciones -- Teorías de la expresión -- El sonido -- El sonido y el ruido -- El ritmo -- La melodía -- La armonía -- La textura musical -- Formas musicales -- Voces e instrumentos -- Música en la antiguedad -- Teorías acerca del origen de la música -- Música en Israel -- Instrumentos -- Música en Egipto -- Instrumentos -- Música en la India -- Música en la China -- Música en Japón -- Música en Grecia -- El canto cristiano -- La monodía litúrgica cristiana -- Orígenes -- Formas primitivas -- Canto ambrosiano -- Canto gregoriano -- La monodía profana -- Los trovadores, juglares, bardos y ministriles -- Trovadores y troveros -- Formas trovadorescas -- Minnesaenger y Meistersaenger -- Música polifónica en la Edad Media -- La polifonía -- Ars Antigua -- Ars Nova -- La escuela franco-flamenca -- El folklore -- Clasificación de las danzas argentinas -- Danzas de ejecución colectiva -- Danzas de ejecución individual -- Danzas de parejas sueltas independientes y vivaces o picarescas -- Danzas de parejas sueltas independientes con alteración de movimientos pausados y vivos -- Danzas de parejas sueltas en conjunto -- Pequeño cancionero -- El pala, pala -- La zamba de Vargas -- La huella -- La vidalita -- El escondido -- El cuando -- La condición -- Canones -- Qué hermosa noche -- Fray Santiago -- El pino -- LLegó primavera -- Al pasar la barca -- Debajo del botón -- Canciones escolares -- Himno Nacional Argentino -- Mi bandera -- Marcha de San Lorenzo -- Viva la patria -- Himno a Sarmiento -- Himno a San Martín -- Aurora -- Glosario | |
| 653 | |a Cultura músical | ||
| 859 | |a CEMS |b BIB. CEMS - 11 de abril |h 780.7 |i R643-2a7 |p 11359.82 |t Ej.1 |v I |3 I | ||
| 859 | |a CEMS |b BIB. CEMS - 11 de abril |h 780.7 |i R643-2a7 |p 14661.87 |t Ej.2 |v I |3 I | ||
| 859 | |a CEMS |b BIB. CEMS - 11 de abril |h 780.7 |i R643-2a7 |p 14699.87 |t Ej.4 |v I |3 I | ||
| 859 | |a CEMS |b BIB. CEMS - 11 de abril |h 780.7 |i R643-2a7 |p 14700.87 |t Ej.3 |v I |3 I | ||
| 859 | |a CEMS |b BIB. CEMS - 11 de abril |h 780.7 |i R643-2a7 |p 14920.88 |t Ej.5 |v I |3 I | ||
| 859 | |a CEMS |b BIB. CEMS - 11 de abril |h 780.7 |i R643-2a7 |p 14921.88 |t Ej.6 |v I |3 I | ||
| 859 | |a CEMS |b BIB. CEMS - 11 de abril |h 780.7 |i R643-2a7 |p 14922.88 |t Ej.7 |v I |3 I | ||
| 859 | |a CEMS |b BIB. CEMS - 11 de abril |h 780.7 |i R643-2a7 |p 14923.88 |t Ej.8 |v I |3 I | ||
| 859 | |a CEMS |b BIB. CEMS - 11 de abril |h 780.7 |i R643-2a7 |p 14924.88 |t Ej.9 |v I |3 I | ||
